Interakcia štíhlej výroby a logistiky v rozvoji podniku

Štíhly podnik, štíhla výroba, štíhla logistika. Implementácia a aplikácia štíhlej výroby v priemyselnej praxi. Štíhla logistika ako logistická dimenzia štíhlej výroby, jej ciele. Štruktúra priemyselnej logistiky. Implementácia a aplikácia štíhlej logistiky v priemyselnej praxi. Interakcia štíhlej vý...

Description complète

Enregistré dans:
Détails bibliographiques
Auteur principal: Kopták, Michal
Format: Chapitre de livre
Langue:slovaque
Sujets:
Tags: Ajouter un tag
Pas de tags, Soyez le premier à ajouter un tag!

MARC

LEADER 00000nla a2200000 4500
001 0213225
005 20240502073541.6
041 0 |a slo 
044 |a SK 
245 1 0 |a Interakcia štíhlej výroby a logistiky v rozvoji podniku  |c Michal Kopták 
520 |a Štíhly podnik, štíhla výroba, štíhla logistika. Implementácia a aplikácia štíhlej výroby v priemyselnej praxi. Štíhla logistika ako logistická dimenzia štíhlej výroby, jej ciele. Štruktúra priemyselnej logistiky. Implementácia a aplikácia štíhlej logistiky v priemyselnej praxi. Interakcia štíhlej výroby a štíhlej logistiky. Metóda MTM logistics. 
610 2 0 |a podnik 
610 2 0 |a výroba štíhla 
610 2 0 |a logistika 
100 1 |a Kopták, Michal